|
|
|
|
| LEADER |
00000nab a2200000 a 4500 |
| 001 |
vtls000588578 |
| 003 |
SK-MaSNL |
| 005 |
20260303011229.0 |
| 008 |
150430c1996 xo 0 slo |
| 015 |
|
|
|a SNBRB19rr/mm-uuuuu
|
| 035 |
|
|
|a CL0588717
|
| 040 |
|
|
|a SNKBUCL
|b slo
|c SNKBUCL
|e AACR2
|
| 041 |
0 |
|
|a slo
|
| 044 |
|
|
|a xo
|c SK
|
| 080 |
|
|
|a 796.42.071
|2 1981
|
| 080 |
|
|
|a 929 Weissmüller, John
|2 1981
|
| 100 |
1 |
|
|a Gressner, Igor
|4 aut
|9 838363
|
| 245 |
1 |
0 |
|a Vzostup a pád kráľa opíc
|c Igor Gressner
|
| 300 |
|
|
|b Fotogr. 1
|
| 600 |
1 |
7 |
|a Weissmüller, John
|d 1904-1984
|x profily
|2 snkbucl
|9 989583
|
| 655 |
|
7 |
|a články z novín a časopisov
|2 snkbucl
|9 267496
|
| 773 |
0 |
|
|t Hospodárske noviny
|g Roč. 4, č. 59 (22. 3. 1996), s. 16
|x 0862-9567
|
| 850 |
|
|
|a Slovenská národná knižnica v Martine
|a MTA001
|
| 852 |
|
|
|a SNK
|b KIS3GCP
|
| 958 |
|
|
|a RK
|
| 958 |
|
|
|a BC
|
| 958 |
|
|
|a US
|
| 992 |
|
|
|a RBX
|
| 999 |
|
|
|c 1591113
|d 1593043
|